|
|
|
|
| LEADER |
00000nab a2200000 a 4500 |
| 001 |
vtls011125039 |
| 003 |
SK-MaSNL |
| 005 |
20260303143915.0 |
| 008 |
230222|1989 xo |||||||||||||||||slo| |
| 015 |
|
|
|a SNBRB
|
| 035 |
|
|
|a (uuid)3d80a267-5862-421c-97a8-25d125aa6a1a
|
| 035 |
|
|
|a (urnnbn)urn:nbn:sk:snk:ar-a098kz
|
| 035 |
|
|
|a urn:nbn:sk:snk-aba1af
|
| 040 |
|
|
|a SNKBUCL
|b slo
|c SNKBUCL
|e AACR2
|
| 041 |
0 |
|
|a slo
|
| 044 |
|
|
|a xo
|c SK
|
| 100 |
1 |
|
|a Klein, Július
|4 aut
|9 277979
|
| 245 |
1 |
0 |
|a ORGANIZAČNÁ ŠTRUKTÚRA DREVOSPRACUJÚCEHO PRIEMYSLU ČSSR A JEJ VÝVOJ
|c Július Klein
|
| 773 |
0 |
|
|t Zborník vedeckých prác Drevárskej fakulty Vysokej školy lesníckej a drevárskej vo Zvolene
|g Č. 1 (1989), s. 99-117
|
| 954 |
|
|
|a odborná, vedecká literatúra pôvodná (slovenská)
|2 lita
|
| 958 |
|
|
|a OND
|
| 958 |
|
|
|a EUIPO
|
| 958 |
|
|
|a article13
|
| 999 |
|
|
|c 1993018
|d 1994948
|